000 00272nam a2200133Ia 4500
100 _aPANDE/S.S.
650 _aPRODUCTION
942 _cBK
366 _f20
245 _aComputer Graphics
260 _bNAROSA PUBL.
_aNew Delhi
082 _a006.6/PAN
546 _aENGLISH
999 _c25042
_d25042